Poorest Countries by GDP Per Capita - Statistics

General Stats
  • This quiz has been taken 118 times
  • The average score is 19 of 24
Answer Stats
GDP Per Capita Answer % Correct
751 Niger
94%
251 South Sudan
93%
625 Sudan
92%
490 Burundi
89%
991 Chad
89%
766 Somalia
89%
743 DR Congo
88%
532 Central African Republic
86%
936 Mali
84%
1,053 Togo
78%
807 Nigeria
76%
1,066 Ethiopia
75%
908 Liberia
75%
663 Mozambique
74%
409 Afghanistan
73%
1,107 Burkina Faso
73%
595 Madagascar
72%
1,126 Guinea-Bissau
70%
1,043 Rwanda
70%
580 Malawi
68%
916 Sierra Leone
68%
417 Yemen
68%
1,098 Lesotho
66%
988 Gambia
64%
No matching quizzes found
Score Distribution
Percent of People with Each Score
Percentile by Number Answered
Your Score History
You have not taken this quiz